Applied calculus for the managerial, life, and social sciences / (Record no. 1250)

MARC details
000 -LEADER
fixed length control field 01184nac a22003131u 4500
010 ## -
-- 2003116435
020 ## - INTERNATIONAL STANDARD BOOK NUMBER
International Standard Book Number 053446503X (student ed.)
020 ## - INTERNATIONAL STANDARD BOOK NUMBER
International Standard Book Number 0534465099 (instructor's ed.)
020 ## - INTERNATIONAL STANDARD BOOK NUMBER
International Standard Book Number 0534407587 (international student ed.)
020 ## - INTERNATIONAL STANDARD BOOK NUMBER
International Standard Book Number 0534274943 (InfoTrac college ed. passcode card)
020 ## - INTERNATIONAL STANDARD BOOK NUMBER
International Standard Book Number 0534465072 (student solutions manual)
035 ## - SYSTEM CONTROL NUMBER
System control number (DLC) 2003116435
082 00 - DEWEY DECIMAL CLASSIFICATION NUMBER
Classification number 515
Item number T1611
090 ## - LOCALLY ASSIGNED LC-TYPE CALL NUMBER (OCLC); LOCAL CALL NUMBER (OCLC)
-- 1250
-- 1250
100 ## - MAIN ENTRY--PERSONAL NAME
Personal name Tan, Soo Tang.
245 10 - TITLE STATEMENT
Title Applied calculus for the managerial, life, and social sciences /
Statement of responsibility, etc S.T. Tan.
246 18 - VARYING FORM OF TITLE
Title proper/short title Applied calculus
250 ## - EDITION STATEMENT
Edition statement 6th ed.
260 ## -
-- Belmont, CA :
-- Thomson Brooks/Cole,
-- c2005.
300 ## - PHYSICAL DESCRIPTION
Extent xiii, 869 p. :
Other physical details ill. (some col.) ;
Dimensions 27 cm.
336 ## - CONTENT TYPE
Source rdacontent
Content type term text
Content type code txt
337 ## - MEDIA TYPE
Media type term unmediated
Source rdamedia
Media type code n
338 ## - CARRIER TYPE
Carrier type term volume
Carrier type code nc
Source rdacarrier
500 ## - GENERAL NOTE
General note InfoTrac college ed. passcode card tipped in.
500 ## - GENERAL NOTE
General note Accompanied by: Student solutions manual for Applied calculus for the managerial, life, and social sciences, 6th ed. 432 p. : ill. ; 24 cm.
500 ## - GENERAL NOTE
General note Includes indexes.
650 #0 - SUBJECT ADDED ENTRY--TOPICAL TERM
Topical term or geographic name as entry element Calculus.
942 ## - ADDED ENTRY ELEMENTS (KOHA)
Koha item type Book - Borrowing
Call number prefix 515T1611
Classification part RDA-MOD
Holdings
Withdrawn status Lost status Damaged status Not for loan Home library Current library Shelving location Date acquired Source of acquisition Total Checkouts Full call number Barcode Date last seen Price effective from Koha item type
        Central Library Central Library First floor 29/08/2006 Purchase   515 TAN 000003231 15/07/2025 29/08/2006 Book - Borrowing